Milton Friedman nobel monetary economist: review of his theories and politics (Record no. 6966)

MARC details
000 -LEADER
fixed length control field 00574nam a2200181Ia 4500
020 ## - INTERNATIONAL STANDARD BOOK NUMBER
ISBN 9788120417373
082 ## - DEWEY DECIMAL CLASSIFICATION NUMBER
Classification number 923.373 MIL-
245 #0 - TITLE STATEMENT
Title Milton Friedman nobel monetary economist: review of his theories and politics
260 ## - PUBLICATION, DISTRIBUTION, ETC. (IMPRINT)
Place of publication New Delhi
Name of publisher Oxford & IBH Publishing
Year of publication 2009
300 ## - PHYSICAL DESCRIPTION
Number of Pages xiv, 285
504 ## - BIBLIOGRAPHY, ETC. NOTE
Bibliography, etc includes annexure and index
650 ## - SUBJECT ADDED ENTRY--TOPICAL TERM
Topical Term Friedman, Milton
Form subdivision Biography
650 ## - SUBJECT ADDED ENTRY--TOPICAL TERM
Topical Term Economists
Form subdivision Biography
650 ## - SUBJECT ADDED ENTRY--TOPICAL TERM
Topical Term Economists
Form subdivision Biography
Geographic subdivision United States
650 ## - SUBJECT ADDED ENTRY--TOPICAL TERM
Topical Term Friedman, Milton
Form subdivision Views on economics
700 ## - ADDED ENTRY--PERSONAL NAME
Personal name Puttaswamaiah, K.
942 ## - ADDED ENTRY ELEMENTS (KOHA)
Koha item type Books
Holdings
Withdrawn status Lost status Damaged status Not for loan Home library Current library Date acquired Source of acquisition Bill Date Full call number Accession Number Price effective from Koha item type
        NASSDOC Library NASSDOC Library 30/11/2009 IBD 2009-09-24 923.373 MIL- 45935 18/04/2019 Books